| 000 | 00635nam a2200217 a 4500 | ||
|---|---|---|---|
| 005 | 20240919064334.0 | ||
| 008 | 991125 19421978mx 000 0 spa u | ||
| 020 | _a9681602080 | ||
| 035 | _aUPN01000028347 | ||
| 049 | _aCG | ||
| 050 | 4 |
_aHB175 _bW4.38 |
|
| 100 | 1 |
_aWeber, Max, _d1864-1920 |
|
| 245 | 1 | 0 |
_aHistoria económica general / _cMax Weber ; pról. y tr. de Manuel Sánchez Sarto. |
| 260 |
_aMéxico : _bFCE, _c1942 (1978 impr.). |
||
| 300 | _a331 p. | ||
| 440 | 0 | _aSección de obras de economía | |
| 650 | 4 |
_aCapitalismo _96436 |
|
| 650 | 4 |
_aDesarrollo económico _96460 |
|
| 650 | 4 |
_aEconomía _911541 |
|
| 905 | _aLibro | ||
| 999 |
_c28347 _d28347 |
||